[Event "Maribor it"]
[Site "Maribor YUG"]
[Date "1980.11.05"]
[Round "12"]
[White "Nikolac, Juraj"]
[Black "Velimirovic, Dragoljub"]
[Result "1/2-1/2"]
[WhiteElo "2480"]
[BlackElo "2515"]
[EventDate "1980.10.23"]
[PlyCount "113"]
[Source "Perpetual Check"]

1.e4 e5 2.Nc3 Nc6 3.Bc4 Nf6 4.d3 Bb4 5.Ne2 d5 6.exd5 Nxd5 7.O-O Bxc3 8.
Nxc3 Nxc3 9.bxc3 O-O 10.Qf3 Qd6 11.a4 Qg6 12.Bd5 Bd7 13.Re1 Rad8 14.Qg3 
Qxg3 15.hxg3 Rfe8 16.Bg5 Rc8 17.a5 b6 18.axb6 axb6 19.Bd2 Kf8 20.f4 f6 21.
Kf2 h6 22.Bc1 g5 23.Bb2 exf4 24.Rxe8+ Rxe8 25.gxf4 gxf4 26.Bc1 Ne5 27.Bxf4
c6 28.Bb3 h5 29.Ra7 Be6 30.Bxe5 fxe5 31.Rh7 Bd5 32.c4 Bf7 33.Rh6 e4 34.
Rxc6 e3+ 35.Ke1 Be6 36.Ba4 Bg4 37.Rf6+ Ke7 38.Bxe8 Kxf6 39.g3 Ke5 40.c3 
Kd6 41.Ba4 Ke6 42.d4 Kf6 43.Bd1 Be6 44.Bxh5 Bxc4 45.Be2 Bd5 46.Kd1 Be4 47.
c4 Kg5 48.Kc1 Bg6 49.Kd1 Be4 50.Kc1 Bg6 51.Bf3 Bd3 52.c5 bxc5 53.dxc5 Kf5 
54.Kd1 Ke5 55.Bb7 Kf5 56.Bf3 Ke5 57.c6 1/2-1/2

[Event "Maribor it"]
[Site "Maribor YUG"]
[Date "1980.11.05"]
[Round "12"]
[White "Plachetka, Jan"]
[Black "Ree, Hans"]
[Result "1/2-1/2"]
[WhiteElo "2480"]
[BlackElo "2520"]
[EventDate "1980.10.23"]
[PlyCount "53"]
[Source "Perpetual Check"]

1.d4 Nf6 2.c4 g6 3.Nc3 Bg7 4.e4 d6 5.Nf3 O-O 6.Be2 e5 7.O-O Nc6 8.d5 Ne7 
9.Nd2 a5 10.a3 Bd7 11.b3 Nc8 12.Bb2 c5 13.dxc6 bxc6 14.b4 Rb8 15.b5 Nb6 
16.a4 Be6 17.Ba3 Bh6 18.bxc6 Rc8 19.Nd5 Rxc6 20.Nb3 Nxc4 21.Bxc4 Rxc4 22.
Bxd6 Nxd5 23.Bxf8 Bxf8 24.exd5 Bxd5 25.Re1 Qa8 26.f3 Rb4 27.Nd2 1/2-1/2

[Event "Maribor it"]
[Site "Maribor YUG"]
[Date "1980.11.05"]
[Round "12"]
[White "Polajzer, Danilo"]
[Black "Supancic, Darko"]
[Result "1/2-1/2"]
[WhiteElo "2215"]
[BlackElo "2335"]
[EventDate "1980.10.23"]
[PlyCount "28"]
[Source "Perpetual Check"]

1.d4 Nf6 2.c4 e6 3.Nf3 d5 4.g3 Be7 5.Bg2 O-O 6.O-O dxc4 7.Qc2 a6 8.a4 Bd7 
9.Rd1 Bc6 10.Nc3 Bb4 11.Na2 Be7 12.Nc3 Bb4 13.Na2 Be7 14.Nc3 Bb4 1/2-1/2

[Event "Maribor it"]
[Site "Maribor YUG"]
[Date "1980.11.07"]
[Round "13"]
[White "Supancic, Darko"]
[Black "Kovacevic, Vlatko"]
[Result "0-1"]
[WhiteElo "2335"]
[BlackElo "2510"]
[EventDate "1980.10.23"]
[PlyCount "70"]
[Source "Perpetual Check"]

1.d4 f5 2.Nf3 g6 3.g3 Bg7 4.Bg2 Nf6 5.O-O O-O 6.b3 a5 7.c4 d6 8.Bb2 c6 9.
Qc2 Na6 10.Nbd2 Bd7 11.a3 Nh5 12.h3 Qb6 13.Rad1 Rae8 14.Kh2 Qc7 15.e4 e5 
16.dxe5 dxe5 17.c5 Re7 18.Rde1 Bf6 19.b4 axb4 20.axb4 Qb8 21.Bc3 Nc7 22.
Qa2+ Kh8 23.exf5 Nd5 24.Bxe5 Rxe5 25.Nxe5 Bxe5 26.f4 Ndxf4 27.Nc4 Bc7 28.
Nd6 Bxd6 29.cxd6 Nxg2 30.Qb2+ Rf6 31.Kxg2 Qxd6 32.Qc3 gxf5 33.Rd1 Qe7 34.
g4 fxg4 35.Rxd7 Qe2+ 0-1

[Event "Maribor it"]
[Site "Maribor YUG"]
[Date "1980.11.07"]
[Round "13"]
[White "Ree, Hans"]
[Black "Polajzer, Danilo"]
[Result "1-0"]
[WhiteElo "2520"]
[BlackElo "2215"]
[EventDate "1980.10.23"]
[PlyCount "69"]
[Source "Perpetual Check"]

1.d4 Nf6 2.c4 e6 3.Nf3 b6 4.Nc3 Bb4 5.Bg5 h6 6.Bh4 g5 7.Bg3 Ne4 8.Qc2 Bb7 
9.e3 d6 10.Bd3 f5 11.Qa4+ Nc6 12.Bxe4 fxe4 13.Nd2 Bxc3 14.bxc3 O-O 15.Qc2 
d5 16.f3 Na5 17.fxe4 dxc4 18.h4 g4 19.h5 Rf7 20.Bf4 Qf6 21.O-O-O c5 22.
Rdf1 Nc6 23.e5 Qg7 24.Ne4 cxd4 25.exd4 Ne7 26.Nf6+ Rxf6 27.exf6 Qxf6 28.
Qd2 Nf5 29.Be5 Qf8 30.Rf4 Qa3+ 31.Kb1 g3 32.Rh3 Kh7 33.Rxg3 Be4+ 34.Rxe4 
Nxg3 35.Bxg3 1-0

[Event "Maribor it"]
[Site "Maribor YUG"]
[Date "1980.11.07"]
[Round "13"]
[White "Osterman, Rudolf"]
[Black "Plachetka, Jan"]
[Result "1/2-1/2"]
[WhiteElo "2335"]
[BlackElo "2480"]
[EventDate "1980.10.23"]
[PlyCount "25"]
[Source "Perpetual Check"]

1.d4 Nf6 2.Nf3 d5 3.c4 e6 4.Nc3 Nbd7 5.Bg5 Be7 6.e3 O-O 7.Rc1 a6 8.cxd5 
exd5 9.Bd3 Nb6 10.Qc2 g6 11.O-O Ne8 12.Bxe7 Qxe7 13.a3 1/2-1/2

[Event "Maribor it"]
[Site "Maribor YUG"]
[Date "1980.11.07"]
[Round "13"]
[White "Danner, Georg"]
[Black "Nikolac, Juraj"]
[Result "0-1"]
[WhiteElo "2345"]
[BlackElo "2480"]
[EventDate "1980.10.23"]
[PlyCount "70"]
[Source "Perpetual Check"]

1.d4 d5 2.c4 e6 3.Nc3 c6 4.e3 f5 5.Nf3 Nf6 6.Bd3 Bd6 7.O-O O-O 8.b3 Bd7 9.
Bb2 Be8 10.Ne5 Nbd7 11.Ne2 Qe7 12.f3 Rd8 13.Qc2 Kh8 14.Rae1 Bc7 15.Qc1 Bd6
16.Ng3 Nh5 17.Nxh5 Bxh5 18.Nxd7 Rxd7 19.e4 dxe4 20.fxe4 Qh4 21.e5 Bc5 22.
Rf4 Qd8 23.dxc5 Rxd3 24.Rf2 Qa5 25.Ref1 h6 26.Qf4 g5 27.Qc1 Kh7 28.h4 f4 
29.Qc2 Bg6 30.hxg5 hxg5 31.Qe2 Qxc5 32.Qg4 Qe7 33.Rf3 Kg7 34.Rxd3 Bxd3 35.
Rd1 Qc5+ 0-1

[Event "Maribor it"]
[Site "Maribor YUG"]
[Date "1980.11.07"]
[Round "13"]
[White "Kuligowski, Adam"]
[Black "Rakic, Tomislav"]
[Result "1/2-1/2"]
[WhiteElo "2405"]
[BlackElo "2455"]
[EventDate "1980.10.23"]
[PlyCount "25"]
[Source "Perpetual Check"]

1.Nf3 Nf6 2.g3 c6 3.Bg2 d5 4.d3 g6 5.O-O Bg7 6.Nbd2 O-O 7.e4 a5 8.Re1 dxe4
9.dxe4 Na6 10.e5 Ne8 11.Qe2 Bg4 12.h3 Bxf3 13.Bxf3 1/2-1/2

[Event "Maribor it"]
[Site "Maribor YUG"]
[Date "1980.11.07"]
[Round "13"]
[White "Knezevic, Milorad"]
[Black "Speelman, Jonathan Simon"]
[Result "1/2-1/2"]
[WhiteElo "2490"]
[BlackElo "2490"]
[EventDate "1980.10.23"]
[PlyCount "29"]
[Source "Perpetual Check"]

1.d4 Nf6 2.c4 e6 3.Nc3 Bb4 4.Qc2 d5 5.cxd5 exd5 6.Bg5 h6 7.Bxf6 Qxf6 8.a3 
Bxc3+ 9.Qxc3 c6 10.e3 O-O 11.Nf3 Re8 12.Be2 Bg4 13.O-O Nd7 14.Rac1 Qe7 15.
Rfe1 1/2-1/2